Devinons - Marques d'Alcool (Spirit Edition) - Statistiques

Statistiques générales
  • Ce quiz a été pris 26 fois
  • Le résultat moyen est 7 sur 20
Statistiques - réponses
Hint Réponse % Correct
Whiskey du Tennessee avec l'étiquette noire "Old No. 7" Jack Daniel's
95%
La boisson anisée star du groupe Pernod, au logo soleil jaune et bleu Ricard
81%
Rhum épicé représenté par un pirate posant le pied sur un tonneau Captain Morgan
76%
Rhum d'origine cubaine dont le logo est une chauve-souris Bacardi
57%
Liqueur de plantes allemande avec une tête de cerf et une croix Jägermeister
57%
Liqueur de noix de coco avec deux palmiers sur l'étiquette Malibu
57%
Vodka française de luxe utilisant des oies en plein vol comme emblème Grey Goose
43%
Vodka suédoise connue pour sa bouteille inspirée des apothicaires Absolut
38%
Marque de Scotch whisky très populaire en France au nom de clan Clan Campbell
38%
Le rhum cubain par excellence pour faire des Mojitos Havana Club
29%
Whisky écossais célèbre pour son icône de "l'homme qui marche" Johnnie Walker
29%
Vodka d'origine russe (groupe Diageo) au logo d'aigle rouge Smirnoff
24%
Gin haut de gamme dans une bouteille bleue avec la Reine Victoria Bombay Sapphire
19%
L'un des whiskies "Blended" les plus accessibles du marché William Peel
19%
Whisky écossais dont le blason comporte deux chevaux blancs Ballantine's
14%
L'un des gins les plus vendus au monde, logo avec une tête de sanglier Gordon's
14%
Gin londonien représenté par un garde de la Tour de Londres Beefeater
10%
Whisky "Premium" dont le nom évoque la royauté écossaise Chivas Regal
5%
Bourbon américain très populaire avec un sceau de cire rouge Jim Beam
0%
La marque de Tequila la plus vendue au monde Jose Cuervo
0%
Aucun quiz correspondant
Distribution des résultats
% des personnes avec chaque résultat
Percentile par nombre de réponses
Votre historique - résultats
Vous n’avez pas pris ce quiz